000 00734cab a22001935a 4500
001 L154654
008 120110e20120105xxk 000 0 eng d
035 _a(Sirsi) u154654
041 0 _aeng
100 1 _aCross, Luke
245 0 0 _aInside knowledge
_bleague tables
260 _c2012
490 _aConstruction News
_v(7247) 5 January 2012, 26-27(2)
520 _aObserves that contract activity rebounded after a gloomy October; tables for the top 50 contractors November 2011, the top 10 clients November 2011, the top 50 contractors December 2010-November 2011, and the top clients December 2010-November 2011.
590 _aKA
651 4 _aUnited Kingdom
_y
690 _aBUILT ENVIRONMENT-CONSTRUCTION MARKET
942 _n0
999 _c83700
_d83700